000
00287nam a22001217a 4500
008
180918b xxu||||| |||| 00| 0 eng d
041
_a
eng
080
_a
617
100
_a
5
101
_a
KIR
245
_a
The Handbookk Of Surgical Intesive Care
_c
Lyerly..H.K
942
_2
udc
_c
BK
999
_c
47909
_d
47909